Statistics for Portugal Multiple Choice

Click here to take the quiz!

General Stats

  • This quiz has been taken 523 times
  • The average score is 11 of 15

Answer Stats

QuestionAnswer% Correct
Which one of these cities is the capital of Portugal?Lisbon
97%
Which country borders Portugal?Spain
96%
Which one of these is the portugues flag?
95%
What are the archipelago of portugal called?Azores and Madeira islands
95%
What object appears on the flag of Portugal?Armillary sphere
83%
Which one of these sentences is in portuguese?O homem é do tamanho do seu sonho
83%
Which of these is a portuguese explorer?Vasco Da Gama
82%
Which is one of the flags of the portuguese archipelago?
71%
What is the former currency of Portugal?Escudo
70%
With what country Portugal has the oldest alliance in the world?England
64%
When is the national day of portugal?June 10th
54%
Who is the current president of Portugal (As of 2023)Marcelo Rebelo De Sousa
50%
Which one is the most famous portuguese writer?Luís de Camões
43%
What is the name of the portuguese national anthem?A Portuguesa
42%
What is the official National Animal of PortugalRooster of barcelos
37%

Score Distribution

Percentile by Number Answered

Percent of People with Each Score

Your Score History

You have not taken this quiz